Ahmad dan rakan-rakan

Bibliographic Details
Main Author: Siti Zarina Samingon
Format: Book
Language:English
Published: Putrajaya Jabatan Kemajuan Islam Malaysia 2001
Series:Siri cerita kanak-kanak
Subjects:
LEADER 01970cam a2200433 a 4500
001 0000145365
005 20181001090000.0
040 |a mod 
041 |a eng 
020 |a 9830421627 (jil.4:kkt.) 
020 |a 983042166X (jil.8:kkt.) 
020 |a 9830421651 (jil.7:kkt.) 
020 |a 9830421643 (jil.6:kkt.) 
020 |a 9830421635 (jil.5:kkt.) 
020 |a 9830421686 (jil.10:kkt.) 
020 |a 9830421619 (jil.3:kkt.) 
020 |a 9830421600 (jil.2:kkt.) 
020 |a 9830421597 (jil.1:kkt.) 
020 |a 9830421694 (jil.11:kkt.) 
020 |a 9830421678 (jil.9:kkt.) 
090 0 0 |a 499.2386  |b SIT  |e 2001 
100 0 0 |a Siti Zarina Samingon 
245 1 0 |a Ahmad dan rakan-rakan  |c Siti Zarina Samingon 
260 |a Putrajaya  |b Jabatan Kemajuan Islam Malaysia  |c 2001 
300 |a 11jil.  |b col., ill.  |c 2001 
440 0 0 |a Siri cerita kanak-kanak 
650 0 0 |a Malay language  |x Reader  |x Islam 
650 0 0 |a Children stories, Malay 
999 |a I000160  |b ILMI  |d BOOKS  |e Koleksi Kanak-kanak (K)  |f ILMI  |j AVAILABLE  |q GOOD CONDITION 
999 |a I000161  |b ILMI  |d BOOKS  |e Koleksi Kanak-kanak (K)  |f ILMI  |j AVAILABLE  |q GOOD CONDITION 
999 |a I000162  |b ILMI  |d BOOKS  |e Koleksi Kanak-kanak (K)  |f ILMI  |j AVAILABLE  |q GOOD CONDITION 
999 |a I000163  |b ILMI  |d BOOKS  |e Koleksi Kanak-kanak (K)  |f ILMI  |j AVAILABLE  |q GOOD CONDITION 
999 |a I000164  |b ILMI  |d BOOKS  |e Koleksi Kanak-kanak (K)  |f ILMI  |j AVAILABLE  |q GOOD CONDITION 
999 |a I000165  |b ILMI  |d BOOKS  |e Koleksi Kanak-kanak (K)  |f ILMI  |j AVAILABLE  |q GOOD CONDITION 
999 |a I000166  |b ILMI  |d BOOKS  |e Koleksi Kanak-kanak (K)  |f ILMI  |j AVAILABLE  |q GOOD CONDITION 
999 |a I000167  |b ILMI  |d BOOKS  |e Koleksi Kanak-kanak (K)  |f ILMI  |j AVAILABLE  |q GOOD CONDITION 
999 |a I000168  |b ILMI  |d BOOKS  |e Koleksi Kanak-kanak (K)  |f ILMI  |j AVAILABLE  |q GOOD CONDITION 
999 |a I000169  |b ILMI  |d BOOKS  |e Koleksi Kanak-kanak (K)  |f ILMI  |j AVAILABLE  |q GOOD CONDITION 
999 |a I000170  |b ILMI  |d BOOKS  |e Koleksi Kanak-kanak (K)  |f ILMI  |j AVAILABLE  |q GOOD CONDITION